000 00642nam a2200241Ia 4500
003 OSt
005 20221006163917.0
006 a|||||r|||| 00| 0
007 ta
008 221006b |||||||| |||| 00| 0 eng d
024 _a2,996
037 _cTextual
040 _aFML
_cFML
_beng
041 _2eng
_aeng
082 _aNS4412, P4
100 _aShivaji Bharati Au.
_9676180
245 0 _aMohiniattam
260 _aNew Delhi
_bWisdom Tree
_c2004
300 _a94
_ccm.
700 _a Vijaylakshmi Au.
_9676181
942 _hNS4412, P4
_cTEXL
_2CC
999 _c1115703
_d1115703